000 00581nam a2200205Ia 4500
005 20250508150436.0
008 008 250505s9999 xx 000 0 eng d
037 _aTextual
040 _aFEDL
_beng
_cFEDL
041 _aeng
_2eng
084 _a155.4, SHE
_qFEDL
100 _aSherbon Florence Brown
_9756707
245 0 _aChild : His origin, development, and care
250 _a2nd
260 _aNew York, USA
_bMcGraw Hill Book Company
_c1941
300 _axx,755p.
650 _aChild Psychology
942 _cTEXL
_h155.4, SHE
999 _c1323679
_d1323679